000 00710nam a22002172 4500
001 0000000278
005 20151021151043.0
008 070119s xx 000 0 eng d
020 _a020135754 :
_cKES 2,400
040 _aKABU
_cKABU
050 0 _aQA76.73
_b.J38W45
100 1 _aWeiss, Mark Allen.
_@0000148378
245 1 0 _aData structures and algorithm analysis in Java /
_cMark Allen Weiss.
260 _aReading, Mass :
_bAddison-Wesley,
_c1999.
300 _axviii, 542 p.
650 0 _aJava (Computer program language)
_@0000148169
650 0 _aData structures (Computer science)
_@0000148379
908 _a070119
950 _@1
999 _c138
_d138